Recuerdos de mi remoto ayer / Albert Schweitzer ; traducción del francés Mercedes Lloret Compte ; con unas notas prologales de Emiliano M. Aguilera

por Schweitzer, Albert

Publicado: Barcelona : Editorial Occitania , 1966
Descripción Física: 88 p. ; 21 cm
Materias: Schweitzer, Albert

MARC

LEADER 00000nam a2200000Ia 4500
001 17026
008 160829s1966 xx 000 0 cat d
080 |a L-2-61 
100 |a Schweitzer, Albert  |9 28750 
245 |a Recuerdos de mi remoto ayer / Albert Schweitzer ; traducción del francés Mercedes Lloret Compte ; con unas notas prologales de Emiliano M. Aguilera 
260 |a Barcelona :  |b Editorial Occitania,  |c 1966 
300 |a 88 p. ;  |c 21 cm 
650 |a Schweitzer, Albert  |9 28750 
700 1 |a Lloret Compte, Mercedes  |9 28751 
700 1 |a Aguilera, Emiliano M.  |9 28752 
901 |a Arxiu 
942 |n 1 
952 |0 0  |1 0  |4 0  |6 L261  |7 1  |9 44929  |a Arxiu  |b Arxiu  |d 2016-12-01  |l 0  |o L-2-61  |p 17026  |r 2016-12-01 00:00:00  |w 2016-12-01  |y ARXIU 
999 |c 47528  |d 47528